000 01379nam a2200361 i 4500
001 192845
003 SpMaBN
005 20260216183912.0
007 ta
008 230606s2018 sp a | |||| 000 0dspa
015 _aMON18
017 _aM 39960-2018
_bOficina Depósito Legal Madrid
020 _a9788492398720
035 _a(OCoLC)1126466637
040 _aSpMaBN
_bspa
_cSpMaBN
_erda
080 _a75 Pecharromán, Ricardo
100 1 _aRamos Rubio, José Antonio,
_d1963-
_eaut
_9174430
245 1 0 _aVida y obras del artista Ricardo Pecharromán /
_cJosé Antonio Ramos Rubio
264 1 _a[Madrid] :
_bFundación Pecharromán, Departamento de Publicaciones,
_c[2018]
300 _a493 páginas, 1 página sin numerar :
_bilustraciones (blanco y negro y color) ;
_c30 cm
336 _aTexto
_aImagen fija
_2rdacontent
337 _asin mediación
_2rdamedia
338 _avolumen
_2rdacarrier
500 _aÍndice
504 _aBibliografía: páginas 466-494
600 1 7 _aPecharromán, Ricardo,
_d1949-
_2embne
_9226616
655 7 _aLibros ilustrados
_2tgfbne
_9193653
852 _aES-MaACL
_bR. 152744
_cDEPOJ
_gDedicatoria autógrafa del autor
_hDonación: José Antonio Ramos Rubio
_jN-8478
903 _aRamos Rubio, José Antonio,
_d1963-
_ednr
_9174430
942 _n0
_cMONOGRAFIA
999 _c192845
_d192845